000 00597nam a2200229Ia 4500
003 OSt
005 20221002054922.0
006 a|||||r|||| 00| 0
007 ta
008 220930b |||||||| |||| 00| 0 eng d
024 _a71066
037 _cReference Collections
040 _aCRL
_cCRL
_beng
041 _2eng
_aeng
082 _aBv1, L2(RR)
100 _aMorgan Bryan Au.
_9576470
245 0 _aMen and discoveries in Mathmatics
260 _c1972
650 _aMATHEMATICS
942 _hBv1, L2(RR)
_cref
_2CC
999 _c926184
_d926184